Straty sú vysoké Problémy transformácie ekonomiky Slovenska

Hospodársky vývoj Slovenska. Vývoj hrubého domáceho produktu v bývalom Česko-Slovensku. Obdobie transformácie ekonomiky od r.1989. Vývoj kľúčových hospodárskych ukazovateľov, HDP, miery inflácie, indexu spotrebiteľských cien, reálnych miezd, miery nezamestnanosti. Príčiny nepriaznivej hospodárskej a...

Ausführliche Beschreibung

Gespeichert in:
Bibliographische Detailangaben
1. Verfasser: Sedlák, Mikuláš
Format: Buchkapitel
Sprache:Slowakisch
Schlagworte:
Tags: Tag hinzufügen
Keine Tags, Fügen Sie das erste Tag hinzu!

MARC

LEADER 00000naa a2200000 4500
001 r000618
005 20221213122956.1
041 0 |a slo 
044 |a SK 
245 1 0 |a Straty sú vysoké  |b Problémy transformácie ekonomiky Slovenska  |c Mikuláš Sedlák 
520 |a Hospodársky vývoj Slovenska. Vývoj hrubého domáceho produktu v bývalom Česko-Slovensku. Obdobie transformácie ekonomiky od r.1989. Vývoj kľúčových hospodárskych ukazovateľov, HDP, miery inflácie, indexu spotrebiteľských cien, reálnych miezd, miery nezamestnanosti. Príčiny nepriaznivej hospodárskej a sociálnej situácie. Dôsledky koncepcie radikálnej ekonomickej reformy. Perspektívy rozvoja hospodárstva Slovenskej republiky, postup transformácie na trhové hospodárstvo. 
610 2 0 |a vývoj hospodársky 
610 2 0 |a Slovensko 
610 2 0 |a transformácia 
610 2 0 |a reformy hospodárske 
610 2 0 |a inflácia 
610 2 0 |a produkt domáci hrubý 
100 1 |a Sedlák, Mikuláš